Central Library OPAC University of Rajshahi

Bangladesh / (Record no. 80350)

MARC details
000 -LEADER
fixed length control field 00790nam a2200265 a 4500
001 - CONTROL NUMBER
control field 80350
003 - CONTROL NUMBER IDENTIFIER
rucl marc code BD-RjUL
005 - DATE AND TIME OF LATEST TRANSACTION
control field 20220914102430.0
008 - FIXED-LENGTH DATA ELEMENTS--GENERAL INFORMATION
fixed length control field 220914s2016 bg ||||| |||| 00| 0 eng d
020 ## - INTERNATIONAL STANDARD BOOK NUMBER
International Standard Book Number 9789849016090
035 ## - SYSTEM CONTROL NUMBER
System control number (BD-RjUL)80350
040 ## - CATALOGING SOURCE
Original cataloging agency BD-RjUL
Language of cataloging eng
Transcribing agency BD-RjUL
041 ## - LANGUAGE CODE
Language code of text/sound track or separate title eng
082 ## - DEWEY DECIMAL CLASSIFICATION NUMBER
Edition number 23
Classification number 954.92
Author mark and year BAN 2016
245 ## - TITLE STATEMENT
Title Bangladesh /
Statement of responsibility, etc. edited by Anisuzzaman, Syed Manzoorul Islam, Ziaul Karim.
260 ## - PUBLICATION, DISTRIBUTION, ETC. (IMPRINT)
Place of publication, distribution, etc. Dhaka :
Name of publisher, distributor, etc. Nymphea,
Date of publication, distribution, etc. 2016
300 ## - PHYSICAL DESCRIPTION
Pagination 495 p. :
Illustrations ill.;
Size 20 cm.
651 ## - SUBJECT ADDED ENTRY--GEOGRAPHIC NAME
Geographic name Bangladesh
Geographic name Bangladesh Histoire Ouvrages illustrés
9 (RLIN) 4789
Geographic name Bangladesh Social life and customs
9 (RLIN) 4790
700 ## - ADDED ENTRY--PERSONAL NAME
Personal name Anisuzzaman
Personal name Islam, Syed Manzoorul
Personal name Karim, Ziaul
942 ## - ADDED ENTRY ELEMENTS (KOHA)
Source of classification or shelving scheme Dewey Decimal Classification
Koha item type Books
Holdings
Lost status Source of classification or shelving scheme Damaged status Not for loan Collection code Permanent Location Current Location Shelving location Date acquired Source of acquisition Cost, normal purchase price Total Checkouts Full call number Date last seen Copy number Koha item type
  Dewey Decimal Classification   Not For Loan Non-fiction Central Library, University of Rajshahi Central Library, University of Rajshahi Reading Room 11/09/2022 Author 1500.00   954.92 BAN 2016 14/09/2022 C-1 Books